• 首页
  • 本馆介绍
  • 公告通知
  • 最新文献
  • 馆藏检索
  • 电子资源
  • 读者导购
  • 参考咨询
  • 我的图书馆
  • 登录
  • 详细信息显示
  • 放入我的书架
  • 预约/预借图书
  • 作者相关作品
  • 分类相关作品
  • 丛书相关作品
  • 出版社相关作品

书目信息

  • 表格格式
  • 工作单格式
  • 卡片格式
题名:
近代英国政治话语
    
 
作者: 菲利普森 , 斯金纳 , Skinner , Phillipson 主编 ;潘兴明 , 周保巍 译
分册:  
出版信息: 上海   华东师范大学出版社  2005
页数: 406页
开本: 23cm
丛书名: 剑桥学派思想史译丛
单 册:
中图分类: D095.614
科图分类:
主题词: 政治思想史--英国--近代 , 政治思想史
电子资源:
ISBN: 7-5617-4342-4
000 01318oam2 2200325 450
001 010010014029
005 20061029111423.32
010    @a7-5617-4342-4@dCNY44.00
100    @a20060214d2005 em y0chiy0110 ea
101 1  @achi@ceng
102    @aCN@b310000
105    @ay z 000yy
200 1  @a近代英国政治话语@9jin dai ying guo zheng zhi hua yu@f尼古拉斯·菲利普森(Nicholas Phillipson),昆廷·斯金纳(Quentin Skinner)主编@g潘兴明,周保巍等译
210    @a上海@c华东师范大学出版社@d2005
215    @a406页@d23cm
225 2  @a剑桥学派思想史译丛
330    @a本书是一本研究英国近代早期政治思想和政治理论的论文集,从不同的角度对波考克的思想和理论作了卓有见地的探讨和评论,所探讨的问题包括:反暴君论、古代政制、阿明尼乌主义、“公民科学”、议会主权、托马斯·霍布斯的世俗宗教等。
461  0 @12001 @a剑桥学派思想史译丛@1701 0@a李宏图@4主编
510 1  @aPolitical Discourse in Early Modern Britain@zeng
606 0  @a政治思想史@y英国@z近代
606 0  @a政治思想史
690    @aD095.614@v4
701  1 @a菲利普森@9fei li pu sen@bN.@4主编
701  1 @a斯金纳@9si jin na@bQ.@4主编
701  1 @aSkinner@bQuentin@4主编
701  1 @aPhillipson@bNicholas@4主编
702  0 @a潘兴明@9pan xing ming@4译
702  0 @a周保巍@9zhou bao wei@4译
801  0 @aCN@bRENTIAN@c20061029
905    @a10447@dD095.614@e92
    
    近代英国政治话语/尼古拉斯·菲利普森(Nicholas Phillipson),昆廷·斯金纳(Quentin Skinner)主编/潘兴明,周保巍等译.-上海:华东师范大学出版社,2005
    406页;23cm.-(剑桥学派思想史译丛)
    
    
    ISBN 7-5617-4342-4:CNY44.00
    本书是一本研究英国近代早期政治思想和政治理论的论文集,从不同的角度对波考克的思想和理论作了卓有见地的探讨和评论,所探讨的问题包括:反暴君论、古代政制、阿明尼乌主义、“公民科学”、议会主权、托马斯·霍布斯的世俗宗教等。
●
相关链接 在E读中查询图书 在五车中查询图书 在当当中查询图书 在豆瓣中查询图书


正题名:近代英国政治话语     索取号:D095.614/92         预约/预借

序号 登录号 条形码 馆藏地/架位号 状态 备注
1 0388701   203887017   第一样本阅览室/ [索取号:D095.614/92] 在馆    
2 0388702   203887026   第一借阅区/ [索取号:D095.614/92] 在馆    
3 0388703   203887035   第一借阅区/ [索取号:D095.614/92] 在馆    
4 0388704   203887044   第一借阅区/ [索取号:D095.614/92] 在馆    
5 0388705   203887053   第一借阅区/ [索取号:D095.614/92] 在馆    
唐山师范学院图书馆 欢迎您!
大连网信软件有限公司© 版权所有